Criminal Minds Character Map Quiz Stats

 Plays Quiz not verified by Sporcle

Score 0/16 Timer 02:00
0 Plays Today
% Correct
Spencer Reid
98.4%
Penelope Garcia
96.7%
Jennifer Jareau
96.3%
Derek Morgan
94.8%
Aaron Hotchner
94.1%
Emily Prentiss
94%
David Rossi
93.8%
Jason Gideon
89.4%
% Correct
Elle Greenaway
82.9%
Jack Hotchner
82.3%
Erin Strauss
76%
Alex Blake
72.6%
Kevin Lynch
68.4%
Tara Lewis
67.4%
Luke Alvez
64.9%
Kate Callahan
61.8%

You're not logged in!

Compare scores with friends on all Sporcle quizzes.
OR
Log In

Sporcle TV

Today on Sporcle TV


Watch our educational content, quiz creation guides, and fun videos on Sporcle TV.

Show Comments

Extras

Top Quizzes Today


Score Distribution

Your Account Isn't Verified!

In order to create a playlist on Sporcle, you need to verify the email address you used during registration. Go to your Sporcle Settings to finish the process.

Report this User

Report this user for behavior that violates our Community Guidelines.

Details: